Hero By Villain Quiz Stats

Quiz Updated Dec 6, 2017

Also try: Superhero Teams
Challenge
Share
Tweet
Embed
Score 0/28 Timer 07:00
2 Plays Today
Villain Hero % Correct
Lex LuthorSuperman
95.4%
JokerBatman
94.5%
Captain HookPeter Pan
94.5%
VoldemortHarry Potter
88.5%
Wicked Witch of the WestDorothy Gale
81.1%
Dr. EvilAustin Powers
80.3%
Queen of HeartsAlice (in Wonderland)
79.9%
JafarAladdin
77%
Dr. NoJames Bond
70%
ShredderTeenage Mutant Ninja Turtles
54.8%
SkeletorHe-Man
54.7%
J.D. 'Boss' HoggLuke and Bo
45.2%
Dr. ClawInspector Gadget
43.4%
Boris and NatashaRocky and Bullwinkle
42.5%
Villain Hero % Correct
Professor MoriartySherlock Holmes
42.4%
LokiThor
41.8%
GrendelBeowulf
41.6%
BlutoPopeye
41.5%
GargamelThe Smurfs
40.5%
Ganon or GanondorfLink
35.2%
Khan (Noonien Singh)James T. Kirk
29.7%
MedusaPerseus
28.9%
SinestroGreen Lantern
20.2%
King ClaudiusHamlet
19.9%
Dr. WilyMega Man
16.5%
Snidely WhiplashDudley Do-Right
16.3%
GigantaWonder Woman
11.2%
Dick Jones (or ED-209)RoboCop
7.3%

You're not logged in!

Compare scores with friends on all Sporcle quizzes.
Join for Free
OR
Log In

You Might Also Like...

Show Comments

Extras

Top Quizzes Today


Score Distribution

Your Account Isn't Verified!

In order to create a playlist on Sporcle, you need to verify the email address you used during registration. Go to your Sporcle Settings to finish the process.

Report this User

Report this user for behavior that violates our Community Guidelines.

Details: